Catálogo público

Colección de leyes, decretos, órdenes y de más disposiciones de interés general, expedidos por los poderes legislativo y ejecutivo del estado, formada con autorización del gobierno, otorgada en 12 de noviembre de 1900 (Record no. 55714)

MARC details
000 -CABECERA
campo de control de longitud fija 01124nam a22003017a 4500
003 - IDENTIFICADOR DEL NÚMERO DE CONTROL
campo de control CHAP
005 - FECHA Y HORA DE LA ÚLTIMA TRANSACCIÓN
campo de control 20220329140652.0
008 - DATOS DE LONGITUD FIJA--INFORMACIÓN GENERAL
campo de control de longitud fija 971013c19011903 r 00010 d
010 ## - NÚMERO DE CONTROL DE LA BIBLIOTECA DEL CONGRESO
Número de control de LC 55714
011 ## - ENLACE DEL NUMERO DE CONTROL DE LA BIBLIOTECA DEL CONGRESO [OBSOLETO]
Número de control de LC 56686
035 ## - NÚMERO DE CONTROL DEL SISTEMA
Número de control de sistema 60839
040 ## - FUENTE DE LA CATALOGACIÓN
Centro/agencia transcriptor CHAP
082 ## - NÚMERO DE LA CLASIFICACIÓN DECIMAL DEWEY
Número de clasificación 349.726
Número de documento/Ítem Y82
100 ## - ENTRADA PRINCIPAL--NOMBRE DE PERSONA
Nombre de persona Yucatán. Leyes, decretos, etc.
9 (RLIN) 175438
245 ## - MENCIÓN DE TÍTULO
Título Colección de leyes, decretos, órdenes y de más disposiciones de interés general, expedidos por los poderes legislativo y ejecutivo del estado, formada con autorización del gobierno, otorgada en 12 de noviembre de 1900
260 ## - PUBLICACIÓN, DISTRIBUCIÓN, ETC.
Lugar de publicación, distribución, etc. Mérida :
Nombre del editor, distribuidor, etc. Imprenta "Gambo Guzmán",
Fecha de publicación, distribución, etc. 1901-1903
300 ## - DESCRIPCIÓN FÍSICA
Extensión 3 v.
590 ## - NOTA LOCAL (RLIN)
Nota local BATCH-UPD
Procedencia (VM) [OBSOLETO] 10
Condición del los carretes individuales (VM) [OBSOLETO] 20130110
-- UCH01
-- 0753
590 ## - NOTA LOCAL (RLIN)
Nota local BATCH-UPD
Procedencia (VM) [OBSOLETO] 10
Condición del los carretes individuales (VM) [OBSOLETO] 20130410
-- UCH01
-- 0433
590 ## - NOTA LOCAL (RLIN)
Nota local BATCH-UPD
Procedencia (VM) [OBSOLETO] 10
Condición del los carretes individuales (VM) [OBSOLETO] 20130914
-- UCH01
-- 1933
590 ## - NOTA LOCAL (RLIN)
Nota local CONVERSION
Procedencia (VM) [OBSOLETO] 10
Condición del los carretes individuales (VM) [OBSOLETO] 20130109
-- UCH01
-- 1330
650 14 - PUNTO DE ACCESO ADICIONAL DE MATERIA--TÉRMINO DE MATERIA
Término de materia o nombre geográfico como elemento de entrada Yucatán
Subdivisión general Leyes.
9 (RLIN) 123326
700 0# - PUNTO DE ACCESO ADICIONAL--NOMBRE DE PERSONA
Nombre de persona Ponce y Font, Bernardo.
9 (RLIN) 90823
901 ## - ELEMENTOS DE DATOS A LOCAL LDA (RLIN)
a BK
942 ## - ELEMENTOS DE PUNTO DE ACCESO ADICIONAL (KOHA)
Tipo de ítem Koha Libro
949 ## - PROCESAMIENTO DE INFORMACIÓN LOCAL (OCLC)
a 349.726 Y82
b BC
c BPP
d -130918
e BPP
f v.1
i 60839
s i
949 ## - PROCESAMIENTO DE INFORMACIÓN LOCAL (OCLC)
a 349.726 Y82
b BC
c BPP
d -130919
e BPP
f v.3
i 60839
s i
Holdings
Estado de retiro Estado de pérdida Fuente del sistema de clasificación o colocación Estado dañado Restricciones de uso No para préstamo Código de colección Localización permanente Ubicación/localización actual Fecha de adquisición Información codificada de la localización en otra ubicación Total de préstamos Signatura topográfica completa Código de barras Fecha visto por última vez Número de copia Precio válido a partir de Tipo de ítem Koha
    Dewey Decimal Classification   Préstamo interno   Fondo Reservado Biblioteca Central Biblioteca Central 17/12/2012 LIBRO   349.726 Y82 -130918 31/12/2019 v.1 17/12/2012 Libro
    Dewey Decimal Classification   Préstamo interno   Fondo Reservado Biblioteca Central Biblioteca Central 17/12/2012 LIBRO   349.726 Y82 -130919 31/12/2019 v.3 17/12/2012 Libro